000 01573nkm a2200349 i 4500
001 3483
003 ES-MaACL
005 20250713062730.0
007 khrbo
008 051103s1985 sp --- g |001||spa d
100 0 _aAlfonso,
_d1902-1990
_919858
245 1 4 _aLas utopías de Alfonso Reyes
_b: ; Una relectura española del mexicano Alfonso Reyres ; Las ideas literarias de Alfonso Reyes [
_hFotografía] /
_cAlfonso (sello).
260 _a[S.l. :
_bs.n.],
_c1985.
300 _a5 fot. :
_bb. y n. ;
_c12 x 18 cm.
490 1 _aSeminario sobre Alfonso Reyes
500 _aDatos basados en invitación.
511 0 _aIntervienen: Carlos Monsiváis, Manuel Andújar, Alfonso Rangel Guerra, José Luis Martínez.
518 _aActo organizado por el Ateneo de Madrid y la Embajada de México, celebrado en el salón de actos el miércoles, 5 de junio de 1985, a las 19:00 h.
600 1 4 _aMonsiváis, Carlos.
_982302
600 1 7 _aAndújar, Manuel,
_d1913-1994
_2
_9158299
600 1 4 _aRangel Guerra, Alfonso.
_995420
600 1 4 _aMartínez, José Luis.
_977766
610 2 4 _aAteneo de Madrid-
_xActos culturales-
_y1985-
_vFotografías.
_91900
710 2 _aAteneo de Madrid.
_91875
710 1 _aMéxico.
_bEmbajada (España)
_95700
740 0 _aAlfonso Reyes en España.
740 0 _aAmistades españolas de Alfonso Reyes.
830 0 _aSeminario sobre Alfonso Reyes
_9176812
852 _aES-MaACL
_jFOT 47/1985
856 4 _uhttp://www.ateneodemadrid.net/biblioteca_digital/imagenes/1985/0047-1985.jpg
_zVer imagen
999 _c3483
_d3483